| 000 | 00734nam a22001577a 4500 | ||
|---|---|---|---|
| 003 | OSt | ||
| 005 | 20151006174540.0 | ||
| 008 | 151006b xxu||||| |||| 00| 0 eng d | ||
| 040 | _cRUA | ||
| 082 | _aAVM HUN 1997 B070 Or.1 | ||
| 100 |
_92226 _aHUN, HIEAK. |
||
| 245 | _aImported breed, layer production, on ground housing at the poultry station of R.U.A, ការចិញ្ចឹមមាន់យកស៊ុតនាំចៅល ដោយដាក់ទ្រុងផ្ទាល់ដីនៅស្ថានីយ៍ចិញ្ចេមសត្វ នៃសាកលវិទ្យាល័យភូមិន្ធកសិកម្ម. | ||
| 260 |
_aphnom phen _bRUA _c1997 |
||
| 300 |
_a71p. _bill. _c29cm. |
||
| 942 |
_2ddc _cAVM |
||
| 999 |
_c2099 _d2099 |
||